000 00472nam a2200169 i 4500
001 97993
003 ES-MaACL
005 20230906182210.0
007 t|
008 050721s1970 pr ||||1| spa d
100 1 _aMarqués, René.
_976982
245 1 3 _aLa víspera del hombre
_b: novela /
_cRené Marqués.
250 _a2ª ed.
260 _aRío Piedras (Puerto Rico) :
_bEd. Cultural,
_c1970.
300 _a287 p. ;
_c21 cm.
852 _aES-MaACL
_jC-39724
_bR.74359
999 _c97993
_d97993